| Tag |
First Indicator |
Second Indicator |
Subfields |
| LEADER |
00000cam a2200000 a 4500 |
| 001 |
in00001586708 |
| 005 |
20151022160427.0 |
| 008 |
000626s2001 mau b 001 0 eng |
| 010 |
|
|
|a 00057500
|
| 020 |
|
|
|a 0674003136
|
| 035 |
|
|
|a (OCoLC)ocm44550545
|
| 040 |
|
|
|a DLC
|c DLC
|d C#P
|d TXA
|d UtOrBLW
|
| 043 |
|
|
|a e------
|
| 049 |
|
|
|a TXAM
|
| 050 |
0 |
0 |
|a GN575
|b .N15 2001
|
| 082 |
0 |
0 |
|a 305.8/0094
|2 21
|
| 100 |
1 |
|
|a Naimark, Norman M.
|
| 245 |
1 |
0 |
|a Fires of hatred :
|b ethnic cleansing in twentieth-century Europe /
|c Norman M. Naimark.
|
| 264 |
|
1 |
|a Cambridge, Mass. :
|b Harvard University Press,
|c 2001.
|
| 300 |
|
|
|a 248 pages ;
|c 24 cm.
|
| 336 |
|
|
|a text
|b txt
|2 rdacontent
|
| 337 |
|
|
|a unmediated
|b n
|2 rdamedia
|
| 338 |
|
|
|a volume
|b nc
|2 rdacarrier
|
| 504 |
|
|
|a Includes bibliographical references (pages [201]-239) and index.
|
| 505 |
0 |
|
|a The Armenians and Greeks of Anatolia -- The Nazi attack on the Jews -- Soviet deportation of the Chechens-Ingush and the Crimean Tatars -- The expulsion of Germans from Poland and Czechoslovakia -- The wars of Yugoslav succession.
|
| 651 |
|
0 |
|a Europe
|x Ethnic relations.
|
| 650 |
|
0 |
|a Racism
|z Europe
|x History
|y 20th century.
|
| 650 |
|
0 |
|a Population transfers.
|
| 650 |
|
0 |
|a Political atrocities
|z Europe.
|
| 994 |
|
|
|a E0
|b TXA
|
| 948 |
|
|
|a cataloged
|b h
|c 2001/1/31
|d c
|e jlanham
|f 5:17:11 pm
|
| 999 |
|
|
|a MARS
|
| 999 |
f |
f |
|s 86526397-329c-35ef-8cf9-e3052bb19c1e
|i c96ad5b6-fb4f-3ba0-a5dc-971890b8631a
|t 0
|
| 952 |
f |
f |
|p normal
|a Texas A&M University
|b College Station
|c Sterling C. Evans Library
|d Evans: Library Stacks
|t 0
|e GN575 .N15 2001
|h Library of Congress classification
|i unmediated -- volume
|m A14827004412
|
| 998 |
f |
f |
|a GN575 .N15 2001
|t 0
|l Evans: Library Stacks
|